| 000 | 01099cam a22002174a 4500 | ||
|---|---|---|---|
| 005 | 20250605164008.0 | ||
| 008 | 250528s ||||||||||||||||||||||||d | ||
| 035 | _a15887 | ||
| 020 | _a596527349 | ||
| 040 |
_aGR-AtMCL _bgre _dGR-AtMCL _eAACR2 |
||
| 245 | 1 | _aInformation Architecture for the World Wide Web / Third Edition | |
| 250 | _a3rd | ||
| 260 |
_bO'Reilly Media, _c2007 |
||
| 300 | _a508 | ||
| 520 | _aThis book gives you knowledge about information architecture with a framework that allows you to learn new approaches - and unlearn outmoded ones. Foreword, Preface, Introducing Information Architecture, Use Needs and Behaviors, Basic Principles of Information Architecture, Organization Systems, Search Systems, Process and Methodology, Research, Strategy, Information Architecture and Practice, Education, Ethics, Tools and Software, Information Architecture in the Organization, Business Strategy, Case Studies, Appendix: Essential Resources, Index. | ||
| 700 | 1 |
_aMorville Peter _91905 |
|
| 700 | 1 |
_aRosenfeld Louis _91906 |
|
| 942 | _cBK | ||
| 999 |
_c1435 _d1435 |
||